000
00289nam a2200109Ia 4500
001
1265423
005
20260417142026.0
008
260417s9999 xx 000 0 und d
020
_a
9786257014205
245
0
_a
Akıllı Türk Makul Tarih
_c
İhsan Fazlıoğlu
260
_b
Ketebe Yayınları
999
_c
1265423
_d
1265423